| 000 | 00000nam 2200000zi 4500 |
| 001 | 9.946744 |
| 003 | CaOODSP |
| 005 | 20250122135858 |
| 006 | m o d f |
| 007 | cr gn||||||||| |
| 008 | 250110t20052005oncad o f001 0 eng d |
| 020 | |z0660194309 |
| 040 | |aCaOODSP|beng|erda|cCaOODSP |
| 043 | |an-cn--- |
| 086 | 1 |aNR24-7/2-2005E-PDF|zNR24-7/2-2005E |
| 245 | 00|aNational Plumbing Code of Canada 2005 / |cissued by the Canadian Commission on Building and Fire Codes, National Research Council of Canada. |
| 250 | |aEighth edition. |
| 264 | 1|aOttawa : |bNational Research Council of Canada, |c2005. |
| 264 | 4|c©2005 |
| 300 | |a1 online resource (1 volume (various pagings)) : |billustrations, graphs |
| 336 | |atext|btxt|2rdacontent |
| 337 | |acomputer|bc|2rdamedia |
| 338 | |aonline resource|bcr|2rdacarrier |
| 500 | |aCover title. |
| 500 | |aIssued also in French under title: Code national de la plomberie - Canada 2005. |
| 500 | |aDigitized edition from print [produced by National Research Council of Canada]. |
| 500 | |a"Third printing." |
| 500 | |a"Includes revisions and errata released on December 1, 2007 and June 20, 2008." |
| 500 | |a"First edition 1970, second edition 1975, third edition 1977, fourth edition 1980, fifth edition 1985, sixth edition 1990, seventh edition 1995." |
| 500 | |aIncludes index. |
| 520 | |a"The National Plumbing Code of Canada 2005, together with the National Building Code of Canada 2005 and the National Fire Code of Canada 2005, is an objective-based National Model Code that can be adopted by provincial and territorial governments. In Canada, provincial and territorial governments have the authority to enact legislation that regulates the design and installation of plumbing systems within their jurisdictions. This legislation may include the adoption of the National Plumbing Code (NPC) without change or with modifications to suit local needs, and the enactment of other laws and regulations regarding plumbing system design and installation, including the requirements for professional involvement. The NPC is a model code that helps promote consistency among provincial and territorial plumbing codes. Persons involved in the design or installation of plumbing systems should consult the provincial or territorial government concerned to find out which plumbing code is applicable. This edition of the NPC succeeds the 1995 edition"--Preface, page v. |
| 650 | 0|aPlumbing|xLaw and legislation|zCanada. |
| 650 | 0|aPlumbing|xStandards|zCanada. |
| 710 | 2 |aCanadian Commission on Building and Fire Codes, |eissuing body. |
| 775 | 08|tCode national de la plomberie - Canada 2005 / |w(CaOODSP)9.946769 |
| 794 | |tNational Plumbing Code of Canada 2010 / |w(CaOODSP)9.946806 |
| 795 | |tNational Plumbing Code of Canada 1995 / |w(CaOODSP)9.946887 |
| 856 | 40|qPDF|s4.54 MB|uhttps://publications.gc.ca/collections/collection_2025/cnrc-nrc/NR24-7-2-2005-eng.pdf |
| 986 | |aNRCC 47668 |